Library Banner

On tyranny (Record no. 61354)

MARC details
000 -LEADER
fixed length control field 00489nam a2200193Ia 4500
001 - CONTROL NUMBER
control field 60887
008 - FIXED-LENGTH DATA ELEMENTS--GENERAL INFORMATION
fixed length control field 141120s9999 xx 000 0 und d
020 ## - INTERNATIONAL STANDARD BOOK NUMBER
International Standard Book Number 9780226030135
040 ## - CATALOGING SOURCE
Transcribing agency PK-LaUMT
082 ## - DEWEY DECIMAL CLASSIFICATION NUMBER
Classification number 321.9
Item number STR-t
100 ## - MAIN ENTRY--PERSONAL NAME
Personal name Stauss, Leo
245 ## - TITLE STATEMENT
Title On tyranny
Statement of responsibility, etc Stauss, Leo|Gourevitch, Victor
260 ## - PUBLICATION, DISTRIBUTION, ETC. (IMPRINT)
Place of publication, distribution, etc Chicago,USA:
Name of publisher, distributor, etc The University of Chicago Press,
Date of publication, distribution, etc 2013
300 ## - PHYSICAL DESCRIPTION
Extent 336 p.
546 ## - LANGUAGE NOTE
Language note EN
650 ## - SUBJECT ADDED ENTRY--TOPICAL TERM
Topical term or geographic name as entry element Despotism
700 ## - ADDED ENTRY--PERSONAL NAME
Personal name Gourevitch, Victor
942 ## - ADDED ENTRY ELEMENTS (KOHA)
Koha item type Books
Holdings
Withdrawn status Lost status Damaged status Not for loan Home library Current library Date acquired Total Checkouts Full call number Barcode Date last seen Date checked out Price effective from Koha item type
        UMT Main Campus UMT Main Campus 2014-11-17 1 321.9 STR-t 82401 2018-09-26 2018-09-12 2014-11-20 Books